Cuidemos nuestra salud
Saved in:
| Hovedforfatter: | |
|---|---|
| Format: | Bog |
| Sprog: | spansk |
| Udgivet: |
Ciudad de México
Noriega
1997
|
| Serier: | Area secundaria
|
| Fag: | |
| Tags: |
Tilføj Tag
Ingen Tags, Vær først til at tagge denne postø!
|
MARC
| LEADER | 00000nam a2200000 a 4500 | ||
|---|---|---|---|
| 001 | UCH8106 | ||
| 003 | CL-VaPUC | ||
| 008 | 091127e19970000MX |||||||||||||||||spa|d | ||
| 020 | |a 968184758X | ||
| 082 | 0 | 4 | |a 613 |b ELI |2 21 |
| 100 | 0 | |a Elizondo, Leticia |e author |9 544526 | |
| 245 | 1 | 0 | |a Cuidemos nuestra salud |
| 300 | |a 213 p | ||
| 942 | |c BK | ||
| 945 | |d 20091127 00:00:00 |a ccalabra | ||
| 260 | |a Ciudad de México |b Noriega |c 1997 | ||
| 650 | 0 | |a Educación |9 258661 | |
| 650 | 0 | |a Salud |9 258663 | |
| 650 | 0 | |a Medicina preventiva |9 271222 | |
| 583 | |a last modification |c 20091127 00:00:00 |k Rodrigo Vera | ||
| 490 | 0 | |a Area secundaria | |
| 999 | |c 338349 |d 338347 | ||